000 02812nam a2200361 i 4500
003 DO-SdBNP
005 20240521140628.0
007 ta
008 210215b2019 dr acd|gr|||| 001 edspa d
020 _a9789945911992
040 _aDO-SdBNP
_bspa
_cBNPHU
_erda
082 4 _a972.93052
_bO21m
_222
245 0 3 _aLa ocupación militar estadounidense de 1916 :
_bensayos y documentos /
_cBernardo Vega y Dennis R. Simó, compiladores ; traducción, Milqueya de la Rosa y Liza Marra Nevola, cuidado de la edición Jesús R. Navarro Zerpa.
264 1 _aSanto Domingo :
_bSociedad Dominicana de Bibliófilos,
_c2019
300 _a544 páginas :
_bilustraciones, fotografías ;
_c22 cm
336 _2rdacontent
_atexto
_btxt
337 _2rdamedia
_asin mediación
_bn
338 _2rdacarrier
_avolumen
_bnc
490 1 _aAcademia Dominicana de la Historia ;
_x151
500 _aIncluye índice
500 _aIncluye referencias bibliográficas y notas al pie de las páginas
504 _aBibliografía : página 461-477
505 0 _aPresentación /
_rBernardo Vega --
_tLiminar /
_rDennis R. Simó Torres --
_tEn las garras del águila : crímenes de los yanquis en Santo Domingo /
_rHoracio Blanco Fombona --
_tA través de Santo Domingo y Haití un viaje con los marines /
_rSamuel Guy Inman --
_tSanto Domingo sus condiciones pasadas y presentes /
_rThomas Snowden --
_tUn enfoque integral de la contrainsurgencia : la ocupación militar de los Estados Unidos de la República Dominicana, 1916-1924 /
_rVermon T. Veggeberg --
_tLa ocupación militar de la República Dominicana. La política de a nueva a administración /
_rDana G. Munro --
_tSalida de Santo Domingo /
_rDana G. Munro --
_tSoldados del mar problema en Santo Domingo /
_rRobert D. Heinl --
_tInforme del general de brigada Barnett sobre Santo Domingo /
_rGeorge Barnett --
_tEl gobierno civil en Santo Domingo en los primeros tiempos de la ocupación militar /
_rRufus H. Lane -- Exposición que hace el Congreso Regional Nacionalista del Seybo al país y al Gobierno interventor --
_tBibliografía sobre la ocupación estadounidense de 1916 /
_rFrank Moya Pons --
_tApéndice:
_tImágenes de la ocupación --
_tÍndice onomástico --
_tPublicaciones de la Academia Dominicana de la Historia --
_tPublicaciones de la Sociedad Dominicana de Bibliófilos, Inc.
590 _aInventariado, 2024 /MF
651 4 _aRepública Dominicana
_xHistoria
_yOcupación estadounidense, 1916-1924
_979484
700 1 _912731
_aVega, Bernardo,
_d1938-
_ecompilador
700 1 _931631
_aSimó Torres, Dennis R.,
_d1943-
_ecompilador
700 1 _aRosa , Milqueya de la,
_etraductora
_977752
700 1 _aMarra Nevola, Liza
_etraductora
_977753
700 1 _aNavarro Zerpa, Jesús R.,
_eeditor
_973422
910 _aValidado. Control de calidad MFF
942 _2ddc
_cLBS1
999 _c49364
_d49364